Scacchi: non farti mangiare #5 - Morte improvvisa - Statistics

Statistiche generali
  • Questo quiz è stato fatto 262 volte
  • Il punteggio medio è 11 su 26
Answers on the Grid
Answers color-coded by a green-red scale on the quiz's grid according to % correct below.
 
Statistiche sulle risposte
Risposta % Corretto
54%
50%
50%
50%
50%
48%
46%
44%
44%
44%
44%
44%
40%
40%
40%
40%
38%
38%
38%
38%
35%
35%
33%
33%
31%
31%
Nessun quiz corrispondente trovato
Distribuzione punteggi
Percentuale di utenti per punteggio
Percentile per numero di risposta
I tuoi punteggi nel tempo
Non hai fatto questo quiz